书目信息 |
| 题名: |
生物反应工程
|
|
| 作者: | Karl Schugerl[德] 著 | |
| 分册: | ||
| 出版信息: | 成都 成都科技大学出版社 1995.03 |
|
| 页数: | 516页 | |
| 开本: | 16开 | |
| 丛书名: | ||
| 单 册: | ||
| 中图分类: | Q599 | |
| 科图分类: | ||
| 主题词: | 生物化学--应用 | |
| 电子资源: | ||
| ISBN: | 7-5616-3249-5 | |
| 000 | 00573nam0 2200193 45 | |
| 001 | 0008160887 | |
| 005 | 20000816082523.8 | |
| 010 | @a7-5616-3249-5@d25.00元 | |
| 100 | @a20000816d1995 km y0chiy0120 ea | |
| 101 | 0 | @achi |
| 105 | @a z 000yy | |
| 200 | 1 | @a生物反应工程@ASheng Wu Fan Ying Gong Cheng@fKarl Schugerl[德]著@FKarl Schugerl[De]Zhu |
| 210 | @a成都@c成都科技大学出版社@d1995.03 | |
| 215 | @a516页@d16开 | |
| 606 | 0 | @a生物化学@x应用 |
| 690 | @aQ599@v3 | |
| 701 | 0 | @aKarl Schugerl[德]@4著 |
| 801 | @aCN@bPftUser@c20000816 | |
| 905 | @b106910-914@dQ599@eW321@f5 | |
| 生物反应工程/Karl Schugerl[德]著.-成都:成都科技大学出版社,1995.03 |
| 516页;16开 |
| ISBN 7-5616-3249-5:25.00元 |
| ● |
| 相关链接 |
|
|
|
正题名:生物反应工程
索取号:Q599/W321
 
预约/预借
| 序号 | 登录号 | 条形码 | 馆藏地/架位号 | 状态 | 备注 |
| 1 | 106910 | 201069100 | 自科二线504/504自科库 37排2列6层/ [索取号:Q599/W321] | 在馆 | |
| 2 | 106911 | 201069119 | 自科二线504/504自科库 37排2列6层/ [索取号:Q599/W321] | 在馆 | |
| 3 | 106912 | 201069128 | 自科二线504/504自科库 37排1列2层/ [索取号:Q599/W321] | 在馆 | |
| 4 | 106913 | 201069137 | 自科二线504/504自科库 37排1列2层/ [索取号:Q599/W321] | 在馆 | |
| 5 | 106914 | 201069146 | 自科二线504/504自科库 37排2列6层/ [索取号:Q599/W321] | 在馆 |